Diverzita krajiny: miera diferenciácie prírodných podmienok a využívania krajiny

Podrobná bibliografia
Hlavný autor: Oťaheľ, Ján, 1949- (Autor)
Médium: Článok
Jazyk:slovenčina
Predmet:

MARC

LEADER 00000nab a2200000Iu 4500
001 vtls011459626
003 SK-MaSNL
005 20260303151532.0
008 230222|2011 xo |||||||||||||||||slo|
015 |a SNBRB 
035 |a (urnnbn)urn:nbn:sk:snk:ar-a0aati 
035 |a (uuid)48444341-f18e-416f-aab8-cfe81bbf61d1 
035 |a urn:nbn:sk:snk-abctpt 
040 |a SNKBUCL  |b slo  |c SNKBUCL  |e AACR2 
041 0 |a slo 
044 |a xo  |c SK 
080 |a 502.5  |2 2011 
080 |a 371.212.3  |2 2001 
080 |a 502.2  |2 2011 
080 |a 911.53  |2 2001 
080 |a 502.2  |2 2001 
100 1 |a Oťaheľ, Ján,  |d 1949-  |4 aut  |9 14640 
245 1 0 |a Diverzita krajiny: miera diferenciácie prírodných podmienok a využívania krajiny  |c Ján Oťaheľ 
504 |a Bibliografické odkazy 
650 0 7 |a krajina  |2 SNKPH  |9 15725 
650 0 7 |a diferenciácia  |2 SNKPH  |9 49930 
650 0 7 |a príroda  |2 SNKPH  |9 3813 
650 0 7 |a kultúrna krajina  |2 SNKPH  |9 82584 
650 0 7 |a prírodné pomery  |2 SNKPH  |9 3874 
773 0 |t Životné prostredie : revue pre teóriu a starostlivosť o životné prostredie  |g Roč. 45, č. 4 (2011), s. 176-181 
954 |a odborná, vedecká literatúra pôvodná (slovenská)  |2 lita 
958 |a NB 
958 |a OND 
958 |a EUIPO 
958 |a article16 
999 |c 2018115  |d 2020045